Podnikanie na Facebooku bakalárska práca

Uložené v:
Podrobná bibliografia
Hlavný autor: Tonhauserová, Nina
Korporativný autor: Fakulta hospodárskej informatiky EU. Katedra aplikovanej informatiky
Ďalší autori: Bandurič, Igor, 1980-
Médium: Kniha
Jazyk:Slovak
Vydavateľské údaje: Bratislava 2011
Tagy: Pridať tag
Žiadne tagy, Buďte prvý, kto otaguje tento záznam!

MARC

LEADER 00000nbm a2200000 4500
001 0141016
005 20161109111728.5
041 0 |a slo 
044 |a SK 
245 1 0 |a Podnikanie na Facebooku  |b bakalárska práca  |c Nina Tonhauserová ; školiteľ: Igor Bandurič 
264 1 |a Bratislava  |c 2011 
300 |a 46 s. 
100 1 |a Tonhauserová, Nina 
700 1 |a Bandurič, Igor, 1980- 
710 2 |a Fakulta hospodárskej informatiky EU. Katedra aplikovanej informatiky